[Event "Montreal Printanier/Spring op"]
[Site "Montreal"]
[Date "1983.05.23"]
[Round "5"]
[White "Quance, Robert"]
[Black "Rousseau, Daniel"]
[Result "0-1"]
[WhiteElo "1901"]
[BlackElo "2118"]
[PlyCount "76"]
[EventDate "1983.05.21"]
[EventType "swiss"]
[EventRounds "6"]
[EventCountry "CAN"]
[SourceTitle "EXT 2022"]
[Source "ChessBase"]
[SourceDate "2021.10.06"]
[SourceVersion "1"]
[SourceVersionDate "2021.10.06"]
[SourceQuality "1"]

1. d4 Nf6 2. c4 g6 3. Nc3 Bg7 4. g3 0-0 5. Bg2 d6 6. Nf3 Nbd7 7. 0-0 e5 8. Qc2 Re8 9. dxe5 dxe5 10. Rd1 c6 11. a4 a5 12. Rb1 Qe7 13. b3 Nc5 14. e4 Na6 15. Be3 h6 16. Qd2 Ng4 17. Ne2 Nxe3 18. Qxe3 Qc7 19. Ne1 Bg4 20. f3 Bf8 21. Nd3 Be6 22. Kh1 Rad8 23. f4 f6 24. Ng1 Rd4 25. Nf3 Red8 26. f5 gxf5 27. Bh3 Nc5 28. Nxc5 Rxd1+ 29. Rxd1 Rxd1+ 30. Kg2 Bxc5 31. Qxc5 Rd3 32. exf5 Bf7 33. Nh4 b6 34. Qf2 Qd8 35. Kg1 Rxb3 36. Ng6 Rb1+ 37. Kg2 Bxc4 38. Kf3 Qd1+ 0-1